00944nab a2200265 uc450000100070000000500170000700800410002403500110006503500210007604000130009704100080011010000480011824500820016665000310024865000400027965000310031965000310035065000340038165000310041565000340044665000390048077301300051994200100064999900190065992697820250310150218.0050527e20011101 spa  a926978 a(OCoLC)820322482 ccomduadb aspa10aNieto Gonzalez, Esperanza4auteaut954371210aRol del psicologo en las instituciones carcelarias y penitenciarias de Bogota aRol del psicológo959076 aInstituciones correccionales925367 aPrisiones - Bogota9149259 aBogotá (Colombia)929353 aPsicología judicial9103830 aPrisiones - Historia93589 aConductas antisociales974518 7aPsicología forense2lemb91033140 tActa Colombiana de PsicologíagNúmero 06, Noviembre 2001, p. 77-92w(CO-MdUADB)578228x0123-915501443199871778o0532464 cARIMP c351489d351489